Metódy obrazovej analýzy hodnotiace zobrazenie

Na minha lista:
Detalhes bibliográficos
Autor principal: Macek, Martin
Formato: Software Livro
Idioma:eslovaco
Publicado em: Bratislava STU FCHPT 2007
Acesso em linha:View in OPAC
Tags: Adicionar Tag
Sem tags, seja o primeiro a adicionar uma tag!

MARC

LEADER 00000nam a2200000 a 4500
005 20260127134255.0
007 co ugu
008 060607 2006 xo 000 0 slo d
035 |a vtls009084622 
039 9 |y 200708021031  |z mschk03 
040 |a STUSCHK1  |b slo  |c STUSCHK1  |e AACR2 
100 1 |a Macek, Martin 
245 1 |a Metódy obrazovej analýzy hodnotiace zobrazenie  |c Martin Macek 
260 |a Bratislava  |b STU FCHPT  |c 2007 
500 |a Obháj.: 6.6. 2007 
500 |a Špec.: Polygrafie a aplikovanej fotochémie 
500 |a Ústav polymérnych materiálov 
500 |a Diplomová práca na CD-ROMe 
910 |a SCHK95 
999 |c 8487  |d 8487